LIBRARY & INFORMATION CENTRE, KCAET, TAVANUR

ONLINE PUBLIC ACCESS CATALOGUE (OPAC)

Normal view MARC view
  • Er. Anu Varughese (Guide)

Entry Personal Name

Number of records used in: 4

001 - CONTROL NUMBER

  • control field: 3436

003 - CONTROL NUMBER IDENTIFIER

  • control field: OSt

005 - DATE AND TIME OF LATEST TRANSACTION

  • control field: 20180929114252.0

008 - FIXED-LENGTH DATA ELEMENTS

  • fixed length control field: 180929|| aca||aabn | a|a d

040 ## - CATALOGING SOURCE

  • Original cataloging agency: OSt
  • Transcribing agency: OSt

100 ## - HEADING--PERSONAL NAME

  • Personal name: Er. Anu Varughese (Guide)

670 ## - SOURCE DATA FOUND

  • Source citation: Work cat.: (OSt)15143: ABDUL SUHAIL 3432, Identification of shallow groundwater potential areas in Thuthappuzha sub - basin using GIS technology
free website counter